000 00248nam a2200097Ia 4500
001 720652
005 20250826163237.0
008 250824s9999 xx 000 0 und d
245 0 _aADEMİN ÇOCUKLARI
_cGÜNGÖR KARAUĞUZ
260 _bÇİZGİ YAYINLARI
999 _c720652
_d720652